[Event "DEM U10w 2021"]
[Site "Willingen GER"]
[Date "2021.08.25"]
[Round "5"]
[White "Marrufo, Leandra"]
[Black "Funke, Luise"]
[Result "1-0"]
[Termination "normal"]
[Board "18"]
[WhiteElo "755"]
[BlackElo "737"]
[WhiteClock "00:24:10"]
[BlackClock "00:41:20"]
[PlyCount "67"]
[WhiteFideId "34630260"]
[BlackFideId "34623752"]
[EventCountry "GER"]
[EventRounds "11"]
[EventType "swiss"]
[EventDate "2021.08.22"]

1. e4 {[%clk 01:15:54]} {[%emt 00:00:04]} e5 {[%clk 01:15:57]} {[%emt
00:00:05]} 2. Nf3 {[%clk 01:16:09]} {[%emt 00:00:15]} Nc6 {[%clk 01:16:20]}
{[%emt 00:00:07]} 3. Bc4 {[%clk 01:16:24]} {[%emt 00:00:15]} Bc5 {[%clk
01:16:44]} {[%emt 00:00:06]} 4. d3 {[%clk 01:16:34]} {[%emt 00:00:19]} Nf6
{[%clk 01:17:03]} {[%emt 00:00:13]} 5. Nc3 {[%clk 01:16:37]} {[%emt 00:00:25]}
d6 {[%clk 01:17:19]} {[%emt 00:00:15]} 6. h3 {[%clk 01:16:54]} {[%emt
00:00:13]} Be6 {[%clk 01:17:34]} {[%emt 00:00:15]} 7. O-O {[%clk 01:16:51]}
{[%emt 00:00:33]} O-O {[%clk 01:17:43]} {[%emt 00:00:21]} 8. Bg5 {[%clk
01:17:00]} {[%emt 00:00:21]} h6 {[%clk 01:18:03]} {[%emt 00:00:10]} 9. Bh4
{[%clk 01:17:07]} {[%emt 00:00:21]} Bxc4 {[%clk 01:16:50]} {[%emt 00:01:44]}
10. dxc4 {[%clk 01:16:02]} {[%emt 00:01:36]} Qe7 {[%clk 01:15:21]} {[%emt
00:01:58]} 11. a3 {[%clk 01:12:19]} {[%emt 00:04:12]} Qe6 {[%clk 01:14:55]}
{[%emt 00:00:56]} 12. Ne1 {[%clk 01:08:00]} {[%emt 00:04:49]} Nh5 {[%clk
01:10:14]} {[%emt 00:05:12]} 13. Qxh5 {[%clk 01:01:20]} {[%emt 00:06:58]} Qxc4
{[%clk 01:09:31]} {[%emt 00:01:24]} 14. Ne2 {[%clk 01:01:06]} {[%emt 00:00:44]}
Qxe4 {[%clk 01:06:20]} {[%emt 00:03:42]} 15. c3 {[%clk 00:56:39]} {[%emt
00:04:56]} Na5 {[%clk 01:04:54]} {[%emt 00:01:56]} 16. b4 {[%clk 00:41:44]}
{[%emt 00:15:25]} Nb3 {[%clk 01:04:58]} {[%emt 00:00:26]} 17. Rd1 {[%clk
00:40:30]} {[%emt 00:01:43]} Bb6 {[%clk 01:04:33]} {[%emt 00:00:57]} 18. a4
{[%clk 00:40:17]} {[%emt 00:00:42]} a5 {[%clk 01:04:27]} {[%emt 00:00:36]} 19.
Ng3 {[%clk 00:37:19]} {[%emt 00:03:27]} Qf4 {[%clk 01:03:38]} {[%emt 00:01:20]}
20. Nd3 {[%clk 00:35:19]} {[%emt 00:02:31]} Qc4 {[%clk 01:02:35]} {[%emt
00:01:33]} 21. Ne2 {[%clk 00:32:44]} {[%emt 00:03:04]} e4 {[%clk 01:01:08]}
{[%emt 00:01:57]} 22. Ndf4 {[%clk 00:30:58]} {[%emt 00:02:10]} c6 {[%clk
00:58:42]} {[%emt 00:03:02]} 23. Qg4 {[%clk 00:31:02]} {[%emt 00:00:24]} Kh8
{[%clk 00:58:32]} {[%emt 00:00:42]} 24. Rxd6 {[%clk 00:28:00]} {[%emt
00:03:32]} Bc7 {[%clk 00:58:03]} {[%emt 00:01:00]} 25. Rdd1 {[%clk 00:26:56]}
{[%emt 00:01:17]} axb4 {[%clk 00:56:58]} {[%emt 00:01:51]} 26. cxb4 {[%clk
00:25:41]} {[%emt 00:01:45]} Qxb4 {[%clk 00:54:49]} {[%emt 00:02:40]} 27. Qh5
{[%clk 00:25:04]} {[%emt 00:01:05]} c5 {[%clk 00:48:21]} {[%emt 00:06:59]} 28.
Bg5 {[%clk 00:24:36]} {[%emt 00:00:58]} Nd4 {[%clk 00:45:21]} {[%emt 00:03:31]}
29. Bxh6 {[%clk 00:24:28]} {[%emt 00:00:36]} Nxe2+ {[%clk 00:45:12]} {[%emt
00:00:41]} 30. Nxe2 {[%clk 00:24:19]} {[%emt 00:00:38]} gxh6 {[%clk 00:44:40]}
{[%emt 00:01:02]} 31. Qxh6+ {[%clk 00:24:19]} {[%emt 00:00:29]} Kg8 {[%clk
00:45:00]} {[%emt 00:00:11]} 32. Ng3 {[%clk 00:24:04]} {[%emt 00:00:45]} c4
{[%clk 00:41:32]} {[%emt 00:04:06]} 33. Nh5 {[%clk 00:24:00]} {[%emt 00:00:26]}
Bd8 {[%clk 00:41:20]} {[%emt 00:00:55]} 34. Qg7# {[%clk 00:24:10]} {[%emt
00:00:06]} 1-0

[Event "DEM U10w 2021"]
[Site "Willingen GER"]
[Date "2021.08.25"]
[Round "5"]
[White "Borck, Elena"]
[Black "Marrufo, Adriana"]
[Result "0-1"]
[Termination "normal"]
[Board "19"]
[WhiteElo "775"]
[BlackElo "850"]
[WhiteClock "01:04:30"]
[BlackClock "00:43:27"]
[PlyCount "68"]
[WhiteFideId "16275446"]
[BlackFideId "34630252"]
[EventCountry "GER"]
[EventRounds "11"]
[EventType "swiss"]
[EventDate "2021.08.22"]

1. c4 {[%clk 01:15:56]} {[%emt 00:00:03]} e5 {[%clk 01:15:49]} {[%emt
00:00:12]} 2. Nc3 {[%clk 01:16:18]} {[%emt 00:00:09]} Nf6 {[%clk 01:16:00]}
{[%emt 00:00:19]} 3. g3 {[%clk 01:16:38]} {[%emt 00:00:10]} Nc6 {[%clk
01:15:51]} {[%emt 00:00:38]} 4. Bg2 {[%clk 01:16:59]} {[%emt 00:00:09]} Bc5
{[%clk 01:15:47]} {[%emt 00:00:34]} 5. e3 {[%clk 01:17:19]} {[%emt 00:00:10]}
a6 {[%clk 01:15:47]} {[%emt 00:00:30]} 6. Nge2 {[%clk 01:17:41]} {[%emt
00:00:08]} d6 {[%clk 01:15:46]} {[%emt 00:00:31]} 7. O-O {[%clk 01:18:01]}
{[%emt 00:00:10]} O-O {[%clk 01:15:46]} {[%emt 00:00:30]} 8. b3 {[%clk
01:18:21]} {[%emt 00:00:10]} Bd7 {[%clk 01:15:30]} {[%emt 00:00:46]} 9. Bb2
{[%clk 01:18:26]} {[%emt 00:00:25]} Qc8 {[%clk 01:15:28]} {[%emt 00:00:31]} 10.
Rc1 {[%clk 01:18:44]} {[%emt 00:00:13]} Bh3 {[%clk 01:15:20]} {[%emt 00:00:38]}
11. d4 {[%clk 01:18:35]} {[%emt 00:00:39]} Ba7 {[%clk 01:15:37]} {[%emt
00:00:13]} 12. Nd5 {[%clk 01:18:13]} {[%emt 00:00:52]} Nxd5 {[%clk 01:14:46]}
{[%emt 00:01:19]} 13. cxd5 {[%clk 01:18:32]} {[%emt 00:00:14]} Ne7 {[%clk
01:14:11]} {[%emt 00:01:04]} 14. Qd2 {[%clk 01:17:03]} {[%emt 00:02:00]} Bxg2
{[%clk 01:13:44]} {[%emt 00:00:56]} 15. Kxg2 {[%clk 01:17:23]} Ng6 {[%clk
01:13:25]} {[%emt 00:01:00]} 16. Kg1 {[%clk 01:17:31]} {[%emt 00:00:22]} Bb6
{[%clk 01:12:55]} {[%emt 00:01:00]} 17. f4 {[%clk 01:16:44]} {[%emt 00:01:17]}
f6 {[%clk 01:09:04]} {[%emt 00:04:20]} 18. Ba3 {[%clk 01:14:26]} {[%emt
00:02:48]} Qh3 {[%clk 01:06:54]} {[%emt 00:02:39]} 19. Rf2 {[%clk 01:14:05]}
{[%emt 00:00:52]} Qg4 {[%clk 01:04:15]} {[%emt 00:03:08]} 20. Rc4 {[%clk
01:12:08]} {[%emt 00:02:28]} e4 {[%clk 01:03:32]} {[%emt 00:01:13]} 21. Qc2
{[%clk 01:10:18]} {[%emt 00:02:21]} Rf7 {[%clk 01:02:46]} {[%emt 00:01:13]} 22.
Qxe4 {[%clk 01:07:21]} {[%emt 00:03:29]} Re7 {[%clk 00:57:03]} {[%emt
00:06:13]} 23. Qd3 {[%clk 01:06:48]} {[%emt 00:01:04]} Rae8 {[%clk 00:56:52]}
{[%emt 00:00:40]} 24. Bc1 {[%clk 01:04:34]} {[%emt 00:02:45]} c5 {[%clk
00:46:42]} {[%emt 00:10:40]} 25. dxc5 {[%clk 01:04:20]} {[%emt 00:00:44]} dxc5
{[%clk 00:46:11]} {[%emt 00:00:59]} 26. Bd2 {[%clk 01:04:33]} {[%emt 00:00:19]}
Ba7 {[%clk 00:44:45]} {[%emt 00:01:54]} 27. b4 {[%clk 01:04:39]} {[%emt
00:00:26]} cxb4 {[%clk 00:43:31]} {[%emt 00:01:42]} 28. Rxb4 {[%clk 01:04:55]}
{[%emt 00:00:16]} Bxe3 {[%clk 00:43:27]} {[%emt 00:00:33]} 29. f5 {[%clk
01:04:30]} Bxf2+ {[%clk 00:43:27]} 30. Kxf2 {[%clk 01:04:30]} Rxe2+ {[%clk
00:43:27]} 31. Kg1 {[%clk 01:04:30]} Qh3 {[%clk 00:43:27]} 32. Qf3 {[%clk
01:04:30]} Rxd2 {[%clk 00:43:27]} 33. Ra4 {[%clk 01:04:30]} Re1+ {[%clk
00:43:27]} 34. Qf1 {[%clk 01:04:30]} Qxf1# {[%clk 00:43:27]} 0-1

[Event "DEM U10w 2021"]
[Site "Willingen GER"]
[Date "2021.08.26"]
[Round "6"]
[White "Meier, Viktoria"]
[Black "Will, Elina"]
[Result "1-0"]
[Termination "normal"]
[Board "1"]
[WhiteElo "1280"]
[BlackElo "1181"]
[WhiteClock "01:10:55"]
[BlackClock "00:28:43"]
[PlyCount "51"]
[WhiteFideId "34678298"]
[BlackFideId "34623434"]
[EventCountry "GER"]
[EventRounds "11"]
[EventType "swiss"]
[EventDate "2021.08.22"]

1. d4 {[%clk 01:15:59]} d5 {[%clk 01:15:55]} {[%emt 00:00:06]} 2. Nf3 {[%clk
01:16:24]} {[%emt 00:00:04]} Bf5 {[%clk 01:15:55]} {[%emt 00:00:29]} 3. Bf4
{[%clk 01:16:17]} {[%emt 00:00:38]} e6 {[%clk 01:14:43]} {[%emt 00:01:43]} 4.
c3 {[%clk 01:16:16]} {[%emt 00:00:30]} c5 {[%clk 01:14:49]} {[%emt 00:00:24]}
5. e3 {[%clk 01:16:16]} {[%emt 00:00:29]} Qb6 {[%clk 01:09:44]} {[%emt
00:05:36]} 6. Qb3 {[%clk 01:16:15]} {[%emt 00:00:32]} c4 {[%clk 01:06:19]}
{[%emt 00:03:54]} 7. Qa4+ {[%clk 01:16:38]} {[%emt 00:00:07]} Nc6 {[%clk
01:06:10]} {[%emt 00:00:39]} 8. b3 {[%clk 01:16:01]} {[%emt 00:01:07]} Nf6
{[%clk 01:00:25]} {[%emt 00:06:15]} 9. Nbd2 {[%clk 01:14:20]} {[%emt 00:02:12]}
Be7 {[%clk 00:53:58]} {[%emt 00:06:56]} 10. Be2 {[%clk 01:14:35]} {[%emt
00:00:15]} O-O {[%clk 00:53:41]} {[%emt 00:00:46]} 11. O-O {[%clk 01:14:47]}
{[%emt 00:00:19]} Bd3 {[%clk 00:52:05]} {[%emt 00:02:06]} 12. Bxd3 {[%clk
01:14:51]} {[%emt 00:00:26]} cxd3 {[%clk 00:52:07]} {[%emt 00:00:28]} 13. Rad1
{[%clk 01:14:14]} {[%emt 00:01:07]} Ne4 {[%clk 00:52:04]} {[%emt 00:00:33]} 14.
Nxe4 {[%clk 01:14:14]} {[%emt 00:00:30]} dxe4 {[%clk 00:52:19]} {[%emt
00:00:15]} 15. Nd2 {[%clk 01:14:00]} {[%emt 00:00:44]} f5 {[%clk 00:49:55]}
{[%emt 00:02:54]} 16. f3 {[%clk 01:13:53]} {[%emt 00:00:37]} g5 {[%clk
00:47:44]} {[%emt 00:02:41]} 17. Bg3 {[%clk 01:13:18]} {[%emt 00:01:04]} f4
{[%clk 00:47:01]} {[%emt 00:01:13]} 18. Bf2 {[%clk 01:13:38]} {[%emt 00:00:11]}
exf3 {[%clk 00:40:43]} {[%emt 00:06:48]} 19. Nxf3 {[%clk 01:13:33]} {[%emt
00:00:34]} fxe3 {[%clk 00:40:02]} {[%emt 00:01:11]} 20. Bxe3 {[%clk 01:13:35]}
{[%emt 00:00:29]} e5 {[%clk 00:38:38]} {[%emt 00:01:54]} 21. Qc4+ {[%clk
01:13:11]} {[%emt 00:00:54]} Kh8 {[%clk 00:38:15]} {[%emt 00:00:52]} 22. Qxd3
{[%clk 01:13:12]} {[%emt 00:02:25]} exd4 {[%clk 00:36:26]} {[%emt 00:02:19]}
23. Nxd4 {[%clk 01:12:52]} {[%emt 00:00:50]} Rad8 {[%clk 00:31:47]} {[%emt
00:05:08]} 24. Qe4 {[%clk 01:11:29]} {[%emt 00:01:54]} Bd6 {[%clk 00:28:43]}
{[%emt 00:03:35]} 25. Ne6 {[%clk 01:10:45]} {[%emt 00:01:14]} Rxf1+ {[%emt
00:01:30]} 26. Rxf1 {[%clk 01:10:55]} {[%emt 00:00:18]} 1-0

[Event "DEM U10w 2021"]
[Site "Willingen GER"]
[Date "2021.08.26"]
[Round "6"]
[White "Zhou, Leyi Charlotte"]
[Black "Wagner, Cosima"]
[Result "1/2-1/2"]
[Termination "normal"]
[Board "2"]
[WhiteElo "1100"]
[BlackElo "1110"]
[WhiteClock "00:34:25"]
[BlackClock "00:18:29"]
[PlyCount "104"]
[WhiteFideId "16258100"]
[BlackFideId "34603484"]
[EventCountry "GER"]
[EventRounds "11"]
[EventType "swiss"]
[EventDate "2021.08.22"]

1. e4 {[%clk 01:15:57]} {[%emt 00:00:03]} c5 {[%clk 01:15:57]} {[%emt
00:00:04]} 2. Nf3 {[%clk 01:16:09]} {[%emt 00:00:16]} g6 {[%clk 01:16:22]}
{[%emt 00:00:07]} 3. d4 {[%clk 01:16:08]} {[%emt 00:00:31]} cxd4 {[%clk
01:16:46]} {[%emt 00:00:06]} 4. Qxd4 {[%clk 01:16:18]} {[%emt 00:00:19]} Nf6
{[%clk 01:17:11]} {[%emt 00:00:06]} 5. e5 {[%clk 01:16:16]} {[%emt 00:00:31]}
Nc6 {[%clk 01:17:34]} {[%emt 00:00:08]} 6. Qa4 {[%clk 01:16:07]} {[%emt
00:00:38]} Nd5 {[%clk 01:17:25]} {[%emt 00:00:40]} 7. Qe4 {[%clk 01:15:55]}
{[%emt 00:00:42]} Ndb4 {[%clk 01:17:42]} {[%emt 00:00:13]} 8. Bb5 {[%clk
01:15:29]} {[%emt 00:00:56]} Qa5 {[%clk 01:16:46]} {[%emt 00:01:26]} 9. Nc3
{[%clk 01:15:10]} {[%emt 00:00:48]} a6 {[%clk 01:09:34]} {[%emt 00:07:43]} 10.
Bxc6 {[%clk 01:14:40]} {[%emt 00:01:01]} Nxc6 {[%clk 01:09:28]} {[%emt
00:00:35]} 11. O-O {[%emt 00:00:37]} Bg7 {[%clk 01:08:44]} {[%emt 00:01:11]}
12. Bf4 {[%clk 01:14:39]} {[%emt 00:00:26]} O-O {[%emt 00:00:51]} 13. Rfe1
{[%clk 01:14:44]} Rd8 {[%clk 01:00:48]} {[%emt 00:08:29]} 14. Nd5 {[%clk
01:07:39]} {[%emt 00:07:36]} Re8 {[%clk 00:53:44]} {[%emt 00:07:34]} 15. e6
{[%clk 00:56:41]} {[%emt 00:11:27]} f5 {[%clk 00:51:04]} {[%emt 00:03:10]} 16.
exd7 {[%clk 00:51:13]} {[%emt 00:05:59]} Bxd7 {[%clk 00:50:35]} {[%emt
00:00:59]} 17. Qc4 {[%clk 00:51:18]} {[%emt 00:00:25]} Qb5 {[%clk 00:36:25]}
{[%emt 00:14:40]} 18. Nf6+ {[%clk 00:49:40]} {[%emt 00:02:07]} Kh8 {[%clk
00:35:56]} {[%emt 00:00:59]} 19. Qxb5 {[%clk 00:49:02]} {[%emt 00:01:09]} axb5
{[%clk 00:36:14]} {[%emt 00:00:13]} 20. Nxd7 {[%clk 00:46:53]} {[%emt
00:02:38]} Bxb2 {[%clk 00:33:30]} {[%emt 00:03:13]} 21. Rab1 {[%clk 00:47:00]}
{[%emt 00:00:24]} Rxa2 {[%clk 00:32:27]} {[%emt 00:01:33]} 22. Bg5 {[%clk
00:46:16]} {[%emt 00:01:14]} Bc3 {[%clk 00:30:01]} {[%emt 00:02:56]} 23. Re3
{[%clk 00:46:31]} {[%emt 00:00:14]} Rxc2 {[%clk 00:29:42]} {[%emt 00:00:46]}
24. Ne1 {[%clk 00:44:44]} {[%emt 00:02:20]} Bxe1 {[%clk 00:29:13]} {[%emt
00:00:59]} 25. Rexe1 {[%clk 00:43:49]} {[%emt 00:01:26]} Rd8 {[%clk 00:26:50]}
{[%emt 00:02:51]} 26. Ne5 {[%clk 00:43:35]} {[%emt 00:00:45]} Rd5 {[%clk
00:23:58]} {[%emt 00:03:21]} 27. Nxc6 {[%clk 00:43:17]} {[%emt 00:00:49]} bxc6
{[%clk 00:24:22]} {[%emt 00:00:07]} 28. Rxe7 {[%clk 00:42:41]} {[%emt
00:01:05]} Ra2 {[%clk 00:24:01]} {[%emt 00:00:52]} 29. Rbe1 {[%clk 00:42:48]}
{[%emt 00:00:23]} Rd8 {[%clk 00:24:10]} {[%emt 00:00:21]} 30. Bf6+ {[%clk
00:42:19]} {[%emt 00:00:59]} Kg8 {[%clk 00:24:21]} {[%emt 00:00:19]} 31. Rc7
{[%clk 00:41:09]} {[%emt 00:01:40]} Rb8 {[%clk 00:23:36]} {[%emt 00:01:15]} 32.
Rxc6 {[%clk 00:40:55]} {[%emt 00:00:44]} b4 {[%clk 00:23:54]} {[%emt 00:00:12]}
33. g3 {[%clk 00:40:43]} {[%emt 00:00:41]} b3 {[%clk 00:24:08]} {[%emt
00:00:17]} 34. Rcc1 {[%clk 00:40:31]} {[%emt 00:00:42]} b2 {[%clk 00:23:55]}
{[%emt 00:00:43]} 35. Rb1 {[%clk 00:40:49]} {[%emt 00:00:12]} Rb6 {[%clk
00:23:00]} {[%emt 00:01:25]} 36. Bc3 {[%clk 00:40:35]} {[%emt 00:00:44]} Rb3
{[%clk 00:23:07]} {[%emt 00:00:23]} 37. Bd2 {[%clk 00:39:26]} {[%emt 00:01:38]}
Kf7 {[%clk 00:22:43]} {[%emt 00:00:55]} 38. h4 {[%clk 00:39:03]} {[%emt
00:00:53]} h5 {[%clk 00:22:43]} {[%emt 00:00:29]} 39. Kg2 {[%clk 00:39:08]}
{[%emt 00:00:25]} Kg8 {[%clk 00:22:38]} {[%emt 00:00:35]} 40. Kh3 {[%clk
00:38:55]} {[%emt 00:00:44]} Kf7 {[%clk 00:22:47]} {[%emt 00:00:21]} 41. Bg5
{[%clk 00:38:03]} {[%emt 00:01:21]} Kg7 {[%clk 00:22:03]} {[%emt 00:01:14]} 42.
Re7+ {[%clk 00:36:23]} {[%emt 00:02:10]} Kf8 {[%clk 00:22:15]} {[%emt
00:00:18]} 43. Ree1 {[%clk 00:36:39]} {[%emt 00:00:15]} Kg7 {[%clk 00:21:57]}
{[%emt 00:00:48]} 44. Kh2 {[%clk 00:36:45]} {[%emt 00:00:23]} Kf7 {[%clk
00:21:45]} {[%emt 00:00:43]} 45. Rbd1 {[%clk 00:36:36]} {[%emt 00:00:38]} Rb7
{[%clk 00:21:04]} {[%emt 00:01:11]} 46. Kh3 {[%clk 00:35:52]} {[%emt 00:01:15]}
Ra3 {[%clk 00:20:13]} {[%emt 00:01:21]} 47. Bf4 {[%clk 00:34:41]} {[%emt
00:01:40]} Ra2 {[%clk 00:19:26]} {[%emt 00:01:17]} 48. Be5 {[%clk 00:34:47]}
{[%emt 00:00:25]} Ra3 {[%clk 00:19:19]} {[%emt 00:00:36]} 49. Rb1 {[%clk
00:34:29]} {[%emt 00:00:48]} Rab3 {[%clk 00:18:20]} {[%emt 00:01:29]} 50. Re2
{[%clk 00:34:16]} {[%emt 00:00:43]} R7b5 {[%clk 00:18:02]} {[%emt 00:00:48]}
51. Rexb2 {[%clk 00:34:02]} {[%emt 00:00:44]} Rxb2 {[%clk 00:18:08]} {[%emt
00:00:24]} 52. Rxb2 {[%clk 00:34:25]} {[%emt 00:00:07]} Rxe5 {[%clk 00:18:29]}
{[%emt 00:00:09]} 1/2-1/2

[Event "DEM U10w 2021"]
[Site "Willingen GER"]
[Date "2021.08.26"]
[Round "6"]
[White "Czäczine, Paula"]
[Black "Hefele, Stefanie"]
[Result "1-0"]
[Termination "normal"]
[Board "3"]
[WhiteElo "1127"]
[BlackElo "1044"]
[WhiteClock "00:49:37"]
[BlackClock "00:11:06"]
[PlyCount "47"]
[WhiteFideId "16249305"]
[BlackFideId "34612041"]
[EventCountry "GER"]
[EventRounds "11"]
[EventType "swiss"]
[EventDate "2021.08.22"]

1. e4 {[%clk 01:15:55]} {[%emt 00:00:04]} e5 {[%clk 01:15:48]} {[%emt
00:00:12]} 2. Nf3 {[%clk 01:16:19]} {[%emt 00:00:07]} Nc6 {[%clk 01:16:08]}
{[%emt 00:00:10]} 3. Bc4 {[%clk 01:16:34]} {[%emt 00:00:14]} Bc5 {[%clk
01:16:22]} {[%emt 00:00:16]} 4. c3 {[%clk 01:16:52]} {[%emt 00:00:13]} Nf6
{[%clk 01:16:32]} {[%emt 00:00:19]} 5. d4 {[%clk 01:17:11]} {[%emt 00:00:11]}
exd4 {[%clk 01:16:44]} {[%emt 00:00:19]} 6. O-O {[%clk 01:17:28]} {[%emt
00:00:13]} h6 {[%clk 01:10:19]} {[%emt 00:06:54]} 7. cxd4 {[%clk 01:13:29]}
{[%emt 00:04:29]} Bb6 {[%clk 01:05:42]} {[%emt 00:05:07]} 8. d5 {[%clk
01:08:34]} {[%emt 00:05:26]} Ne7 {[%clk 00:54:23]} {[%emt 00:11:49]} 9. e5
{[%clk 01:06:12]} {[%emt 00:02:51]} Ne4 {[%clk 00:51:29]} {[%emt 00:03:25]} 10.
Qe2 {[%clk 01:04:52]} {[%emt 00:01:50]} Bxf2+ {[%clk 00:47:54]} {[%emt
00:04:05]} 11. Rxf2 {[%clk 01:05:08]} {[%emt 00:00:13]} Nxf2 {[%clk 00:48:08]}
{[%emt 00:00:17]} 12. Qxf2 {[%clk 01:05:21]} {[%emt 00:00:16]} O-O {[%clk
00:48:12]} {[%emt 00:00:27]} 13. Qg3 {[%clk 01:02:30]} {[%emt 00:03:20]} Nf5
{[%clk 00:46:12]} {[%emt 00:02:30]} 14. Qg4 {[%clk 01:02:14]} {[%emt 00:00:46]}
d6 {[%clk 00:42:51]} {[%emt 00:03:51]} 15. e6 {[%clk 01:00:42]} {[%emt
00:02:02]} fxe6 {[%clk 00:38:32]} {[%emt 00:04:49]} 16. dxe6 {[%clk 01:01:02]}
{[%emt 00:00:10]} Kh8 {[%clk 00:28:27]} {[%emt 00:10:35]} 17. Nc3 {[%clk
00:58:41]} {[%emt 00:02:51]} Qe7 {[%clk 00:24:54]} {[%emt 00:04:03]} 18. Nd5
{[%clk 00:56:32]} {[%emt 00:02:41]} Qd8 {[%clk 00:22:58]} {[%emt 00:02:24]} 19.
Nf4 {[%clk 00:55:53]} {[%emt 00:01:10]} Ne7 {[%clk 00:17:03]} {[%emt 00:06:25]}
20. Nh4 {[%clk 00:50:00]} {[%emt 00:06:23]} Rf6 {[%clk 00:15:24]} {[%emt
00:02:09]} 21. Nh5 {[%clk 00:49:31]} {[%emt 00:00:59]} g5 {[%clk 00:12:41]}
{[%emt 00:03:12]} 22. Nxf6 {[%clk 00:49:42]} {[%emt 00:00:19]} gxh4 {[%clk
00:12:38]} {[%emt 00:00:33]} 23. Bxh6 {[%clk 00:49:49]} {[%emt 00:00:22]} Bxe6
{[%clk 00:11:06]} {[%emt 00:02:02]} 24. Qg7# {[%clk 00:49:37]} {[%emt
00:00:12]} 1-0